Inazuma Eleven - Tous les esprits guerriers - Statistiques

Statistiques générales
  • Ce quiz a été pris 714 fois
    713 depuis la dernière actualisation
  • Le résultat moyen est 15 sur 49
Statistiques - réponses
Joueur Réponse % Correct
Riccardo Di Rigo Maestro virtuoso
92%
Arion Sherwind Archi Pégase, le cheval des dieux
87%
Victor Blade Lancelot, le spadassin héroïque
87%
Arion Sherwind Pégase, l'étalon ailé
81%
JP Lapin Atlas, protecteur de la terre
79%
Ryoma Nishiki Musashi, le samouraï vaillant
64%
Sol Daystar Apollon, dieu du soleil
59%
Beta Athéna, déesse de la guerre
43%
Njord Snio Chione, reine des neiges
43%
Mark Evans Majin, le grand génie
43%
Bailong Astral, dragon de l'aube
40%
Arion/Riccardo/Victor Griffon, seigneur du règne animal
39%
Davy Jones Poséidon, dieu des sept mers
39%
David Quintola Blanc, guerrier de la ligne de front
36%
Quentin Cinquedea Roi blanc, monarque de la sagesse
35%
Rex Remington Corvus, le corbeau des ténèbres
30%
Abram Cadabra Dédé, le roi des dés
30%
Bailong/Tezcat Arthur, le paladin sacré
29%
Tezcat Fléau obscur, seigneur des ténèbres
28%
Fey Rune Sir Lapin, chevalier supersonique
28%
Sor Jaguar, guerrier préhistorique
27%
Dracon Yale Drake, le chevalier dragon
26%
Ar Ecks Ombre de plasma
25%
Aum Nirvana Goliath, le géant
24%
Vladimir Blade Pendragon, le suprême chevalier mystérieux
24%
Zanark Avalonic Zodiac, prince du plan astral
24%
Zaphod Riker Faucon de tonnerre surnaturel
23%
Cronus Fourseasons Surt, géant de feu
23%
Goldie Lemmon Amaterasu, magicienne de l'aurore
22%
Alpha Feng-Huang, le roi des cieux
22%
Maxim Millenium Grand magicien Trickster
22%
Dakkar Nemo Superstrato, guerrier hypersonique
21%
Alessandro il Grande TItan, le géant
21%
Gamma Lycaon, le loup maudit
20%
Harrold Houdini Garas, maîtresse des illusions
18%
Ringo Saturn Gargantua, géant de métal
16%
Strom Boojum Baron, colosse de métal
15%
Triton Neptune Neptune, seigneur des mers
15%
Gabriel Garcia Brunehilde, la walkyrie porte-drapeau
14%
Siméon Ayp Evera, seigneur des démons
14%
Eljas Viisi Tour blanche, sentinelle royale
14%
Fivier Saviola Cavalier blanc, destrier cuirassé
11%
Feduhm Atlanticus, bête des abysses
10%
Mehr Les Amoureux, esprits unis par le destin
10%
Ghiris Les Amoureux, esprits unis par le destin
10%
Aimé Quintet Reine blanche, enchanteresse royale
10%
Chitoh Lova, déesse explosive
9%
Pentra Chek Fou blanc, messager sacré
7%
Zanark Avalonic Xuan-Wu, le guerrier du nord
6%
Aucun quiz correspondant
Distribution des résultats
% des personnes avec chaque résultat
Percentile par nombre de réponses
Votre historique - résultats
Vous n’avez pas pris ce quiz depuis la dernière actualisation